The writer's selections : (رقم التسجيلة. 115144)

تفاصيل مارك
000 -LEADER
fixed length control field 00974cam a2200301 a 4500
008 - FIXED-LENGTH DATA ELEMENTS--GENERAL INFORMATION
fixed length control field 041223s2006 maua 001 0 eng
010 ## - LIBRARY OF CONGRESS CONTROL NUMBER
LC control number 2004118146
020 ## - INTERNATIONAL STANDARD BOOK NUMBER
International Standard Book Number 0618528725 (pbk.)
040 ## - CATALOGING SOURCE
Original cataloging agency DLC
Transcribing agency DLC
Modifying agency DLC
050 00 - LIBRARY OF CONGRESS CALL NUMBER
Classification number PE1417
Item number .W677 2006
082 00 - DEWEY DECIMAL CLASSIFICATION NUMBER
Classification number 808/.0427
Edition number 22
092 04 - LOCALLY ASSIGNED DEWEY CALL NUMBER (OCLC)
Classification number 808.0427
Item number M1774
Edition number 21
099 ## - LOCAL FREE-TEXT CALL NUMBER (OCLC)
Classification number 04
-- 808.0427 M1774
100 1# - MAIN ENTRY--PERSONAL NAME
Personal name McWhorter, Kathleen T.
245 14 - TITLE STATEMENT
Title The writer's selections :
Remainder of title shaping our lives /
Statement of responsibility, etc. Kathleen T. McWhorter.
250 ## - EDITION STATEMENT
Edition statement 4th ed.
260 ## - PUBLICATION, DISTRIBUTION, ETC.
Place of publication, distribution, etc. Boston :
Name of publisher, distributor, etc. Houghton Mifflin,
Date of publication, distribution, etc. c2006.
300 ## - PHYSICAL DESCRIPTION
Extent xvi, 288 p. :
Other physical details ill. (some col.) ;
Dimensions 24 cm.
500 ## - GENERAL NOTE
General note Includes index.
650 #0 - SUBJECT ADDED ENTRY--TOPICAL TERM
Topical term or geographic name entry element College readers.
650 #0 - SUBJECT ADDED ENTRY--TOPICAL TERM
Topical term or geographic name entry element English language
General subdivision Rhetoric
Form subdivision Problems, exercises, etc.
650 #0 - SUBJECT ADDED ENTRY--TOPICAL TERM
Topical term or geographic name entry element Report writing
Form subdivision Problems, exercises, etc.
902 ## - LOCAL DATA ELEMENT B, LDB (RLIN)
No. of Items 1
905 ## - LOCAL DATA ELEMENT E, LDE (RLIN)
Cataloger Eman
Reviser Rev.
905 ## - LOCAL DATA ELEMENT E, LDE (RLIN)
Cataloger Jihan
Reviser Cat.
942 ## - ADDED ENTRY ELEMENTS (KOHA)
Source of classification or shelving scheme Dewey Decimal Classification
Koha item type Books
المقتنيات
Source of classification or shelving scheme Not for loan Home library Current library Date acquired Full call number Barcode Date last seen Copy number Koha item type
Dewey Decimal Classification   المكتبة المركزبة الجديدة - جامعة القاهرة قاعة الانسانيات - الدور الثاني 11.02.2024 808.0427 M1774 2006 01000110191215000 23.09.2023 C.1 Books
Cairo University Libraries Portal Implemented & Customized by: Eng. M. Mohamady Contacts: new-lib@cl.cu.edu.eg | cnul@cl.cu.edu.eg
CUCL logo CNUL logo
© All rights reserved — Cairo University Libraries
CUCL logo
Implemented & Customized by: Eng. M. Mohamady Contact: new-lib@cl.cu.edu.eg © All rights reserved — New Central Library
CNUL logo
Implemented & Customized by: Eng. M. Mohamady Contact: cnul@cl.cu.edu.eg © All rights reserved — Cairo National University Library